LEADER 01829nam 2200589Ia 450 001 9910450618703321 005 20200520144314.0 010 $a1-280-44253-0 010 $a0-19-536035-4 010 $a1-4237-6479-X 035 $a(CKB)1000000000404376 035 $a(SSID)ssj0000128840 035 $a(PQKBManifestationID)11160092 035 $a(PQKBTitleCode)TC0000128840 035 $a(PQKBWorkID)10069705 035 $a(PQKB)11564879 035 $a(MiAaPQ)EBC271238 035 $a(Au-PeEL)EBL271238 035 $a(CaPaEBR)ebr10142194 035 $a(CaONFJC)MIL44253 035 $a(OCoLC)936850640 035 $a(EXLCZ)991000000000404376 100 $a19920226d1992 uy 0 101 0 $aeng 135 $aurcn||||||||| 181 $ctxt 182 $cc 183 $acr 200 00$aConnectionism$b[electronic resource] $etheory and practice /$fedited by Steven Davis 210 $aNew York $cOxford University Press$d1992 215 $a322 p. $cill 225 1 $aVancouver studies in cognitive science ;$vv. 3 300 $aPapers from a conference held in 1990 at Simon Fraser University, sponsored by the university's Cognitive Science Programme. 311 $a0-19-507665-6 311 $a0-19-507666-4 320 $aIncludes bibliographies. 410 0$aVancouver studies in cognitive science ;$vv. 3. 606 $aConnectionism$vCongresses 606 $aCognition$vCongresses 608 $aElectronic books. 615 0$aConnectionism 615 0$aCognition 676 $a153 701 $aDavis$b Steven$f1937-$0926924 712 02$aSimon Fraser University.$bCognitive Science Programme. 801 0$bMiAaPQ 801 1$bMiAaPQ 801 2$bMiAaPQ 906 $aBOOK 912 $a9910450618703321 996 $aConnectionism$92082460 997 $aUNINA LEADER 01575nas 2200505- 450 001 996208184703316 005 20231122213020.0 035 $a(DE-599)ZDB2042684-7 035 $a(OCoLC)58442251 035 $a(CKB)110978977743463 035 $a(CONSER)--2022200118 035 $a(EXLCZ)99110978977743463 100 $a20050311b19842023 --- a 101 0 $aeng 135 $aurmn||||||||| 181 $ctxt$2rdacontent 182 $cc$2rdamedia 183 $acr$2rdacarrier 200 00$aCato policy report 210 1$aWashington, D.C. :$cCato Institute,$d1984- 215 $a1 online resource (volumes) $cillustrations 311 $a0743-605X 517 1 $aPolicy report 606 $aPolicy sciences$vPeriodicals 606 $aSciences de la politique$vPériodiques 606 $aPolicy sciences$2fast$3(OCoLC)fst01068796 606 $aPolitics and government$2fast$3(OCoLC)fst01919741 606 $aOverheidsbeleid$2gtt 607 $aUnited States$xPolitics and government$y1945-1989$vPeriodicals 607 $aÉtats-Unis$xPolitique et gouvernement$y1945-1989$vPériodiques 607 $aUnited States$2fast 608 $aPeriodicals.$2fast 608 $aPeriodicals.$2lcgft 615 0$aPolicy sciences 615 6$aSciences de la politique 615 7$aPolicy sciences. 615 7$aPolitics and government 615 17$aOverheidsbeleid. 676 $a320.973 676 $a973.92 712 02$aCato Institute, 906 $aJOURNAL 912 $a996208184703316 996 $aCato policy report$92254883 997 $aUNISA